000 00811nam a22002297a 4500
001 48406
003 BD-RjUL
005 20211209054523.0
008 160814s1959 ii ||||| |||| 00| 0 ben d
020 _c: IRs 2.50
035 _a(BD-RjUL)48525
040 _aBD-RjUL
_bben
_cBD-RjUL
041 _aben
082 _223
_a891.442
_bRAR 1959
100 _aরায়, দ্বিজেন্দ্রলাল
_9119722
245 1 0 _aরানা প্রতাপ সিংহ /
_cদ্বিজেন্দ্রলাল রায়
260 _aকলিকাতা :
_bগুরুদাস,
_c১৯৫৯ [১৩৬৬]
300 _a১৮৪ পৃ. ;
_c১৭ সেমি.
650 _aবাংলা নাটক
_9146462
650 _aBengali Drama
_9146463
942 _2ddc
_cBK
999 _c48406
_d48406